000 01040nam a22002537a 4500
005 20170124103145.0
010 _aB-189379
020 _c150.00
_a8187771194
035 _aB-189379
037 _bCen Lib/Ret
040 _aDPL
_bHN
082 _a824
_bखुल्लर
100 _aखुल्लर, प्रेमा
_985954
245 _aमैं सोचती हूँ /
_cप्रेमा खुल्लर
246 _aMain sochati hu /
_bby Prema Khuller
260 _aगाज़ियाबाद
_bपराग बुक्स
_c2005
270 _bगाज़ियाबाद
_aबद्री धाम, ई-28, लाजपत नगर
_e201005
300 _a127पृ.
_c20सेमी (सजिल्द)
650 _aसाहित्य--निबंध
_985955
650 _aहिन्दी निबंध संग्रह
_985956
650 _aLiterature--Essay
_978374
650 _aHindi Essay Collection
_946584
942 _2ddc
_cHN
_h824
_mखुल्लर
999 _c119630
_d119630